It's Not a Bomb Quiz Stats

Quiz not verified by Sporcle

Score 0/5 Timer 01:00
0 Plays Today
% Correct
???
66.1%
???
64.1%
???
62.7%
???
61.8%
???
61.8%

You're not logged in!

Compare scores with friends on all Sporcle quizzes.
Join for Free
OR
Log In

You Might Also Like...

Show Comments

Extras

Curator's Pick Aug 15, 2016ReportNominate
Tags:Clickable Quiz, Minefield Quiz, bomb, dud, five, off, setting

Top Quizzes Today


Score Distribution

Your Account Isn't Verified!

In order to create a playlist on Sporcle, you need to verify the email address you used during registration. Go to your Sporcle Settings to finish the process.

Report this User

Report this user for behavior that violates our Community Guidelines.

Details: